| 000 | 00323 a2200109 4500 | ||
|---|---|---|---|
| 040 |
_aDLC _bDLC |
||
| 082 | _a658.4 JOH | ||
| 100 | _aJohnson, Tony | ||
| 245 |
_aPMP Exam Success Series : Exam Simulation _cTony Johnson |
||
| 260 |
_aTexas _bProgressive International _bProgressive International _c2005 |
||
| 942 |
_cCD _k658.4 JOH _2ddc |
||
| 999 |
_c9693 _d9693 |
||